[Event "EU-chT Seniors 09th"]
[Site "Dresden"]
[Date "2007.02.20"]
[Round "5"]
[White "Ehlert, Joachim"]
[Black "Eyer, Karl"]
[Result "1/2-1/2"]
[WhiteElo "2051"]
[BlackElo "2017"]
[PlyCount "29"]
[EventDate "2007.02.16"]
[EventType "team-swiss"]
[EventRounds "9"]
[EventCountry "GER"]
[SourceTitle "CBM 117 Extra"]
[Source "ChessBase"]
[SourceDate "2007.05.09"]
[SourceVersion "1"]
[SourceVersionDate "2007.05.09"]
[SourceQuality "1"]

1. e4 e5 2. Nf3 Nc6 3. Bb5 a6 4. Ba4 Nf6 5. 0-0 b5 6. Bb3 Be7 7. Re1 0-0 8. c3 d6 9. h3 Na5 10. Bc2 c5 11. d3 Re8 12. Nbd2 h6 13. Nf1 Bf8 14. Ng3 g6 15. Be3 1/2-1/2

[Event "GER-ch Seniors 18th"]
[Site "Dresden"]
[Date "2006.07.29"]
[Round "8"]
[White "Ehlert, Joachim"]
[Black "Hoennekes, Klaus"]
[Result "1/2-1/2"]
[WhiteElo "1865"]
[BlackElo "1981"]
[PlyCount "44"]
[EventDate "2006.07.22"]
[EventType "swiss"]
[EventRounds "9"]
[EventCountry "GER"]
[SourceTitle "EXT 2022"]
[Source "ChessBase"]
[SourceDate "2021.10.06"]
[SourceVersion "1"]
[SourceVersionDate "2021.10.06"]
[SourceQuality "1"]

1. e4 c6 2. d4 d5 3. e5 Bf5 4. Nf3 e6 5. Be3 h6 6. Bd3 Bxd3 7. Qxd3 Nd7 8. 0-0 Qc7 9. Nbd2 Ne7 10. a3 Nf5 11. b4 Nb6 12. c3 Be7 13. a4 a5 14. b5 c5 15. Qe2 0-0 16. Bf4 g5 17. g4 Ng7 18. Be3 f5 19. exf6 Rxf6 20. Ne5 Raf8 21. Nef3 c4 22. Kg2 Nd7 1/2-1/2